[Event "Cartagena Region-ch"]
[Site "Cartagena"]
[Date "2020.02.23"]
[Round "3"]
[White "Carreno Barrios, Tiago Matias"]
[Black "Turizo Florez, Alan"]
[Result "1-0"]
[WhiteElo "1330"]
[BlackElo "1198"]
[PlyCount "33"]
[EventDate "2020.02.22"]
[EventType "swiss"]
[EventRounds "5"]
[EventCountry "COL"]
[SourceTitle "CBM 195 Extra"]
[Source "ChessBase"]
[SourceDate "2020.05.31"]
[SourceVersion "1"]
[SourceVersionDate "2020.05.31"]
[SourceQuality "1"]

1. e4 e5 2. Nf3 Nc6 3. Nc3 Nf6 4. Bc4 Bb4 5. d3 Bxc3+ 6. bxc3 0-0 7. 0-0 d6 8. h3 h6 9. Nh4 d5 10. exd5 Nxd5 11. Bxd5 Qxd5 12. Qf3 e4 13. dxe4 Qe5 14. Bb2 Be6 15. Qg3 Qxe4 16. c4 Qxc2 17. Qxg7# 1-0

[Event "Cartagena Region-ch"]
[Site "Cartagena"]
[Date "2020.02.22"]
[Round "2"]
[White "Torres Puentes, Camila"]
[Black "Carreno Barrios, Tiago Matias"]
[Result "1-0"]
[WhiteElo "1007"]
[BlackElo "1330"]
[PlyCount "57"]
[EventDate "2020.02.22"]
[EventType "swiss"]
[EventRounds "5"]
[EventCountry "COL"]
[SourceTitle "CBM 195 Extra"]
[Source "ChessBase"]
[SourceDate "2020.05.31"]
[SourceVersion "1"]
[SourceVersionDate "2020.05.31"]
[SourceQuality "1"]

1. e4 c5 2. Nf3 Nc6 3. d4 cxd4 4. Nxd4 Nxd4 5. Qxd4 Qc7 6. Nc3 e5 7. Qd1 Nf6 8. f3 a6 9. Be3 Bb4 10. Bd2 h6 11. a3 Bxc3 12. Bxc3 d6 13. Qd2 Be6 14. Be2 Qb6 15. Bd3 0-0 16. 0-0-0 Nd7 17. g4 Nc5 18. h4 Nxd3+ 19. Qxd3 Qb5 20. Qd2 Qc4 21. b3 Qc5 22. g5 Qxa3+ 23. Bb2 Qc5 24. gxh6 gxh6 25. Rhg1+ Kh7 26. Rg2 Bxb3 27. Kb1 Rg8 28. Rdg1 Rxg2 29. Rxg2 1-0